书目信息 |
| 题名: |
中国教育周期论
|
|
| 作者: | 姜国钧 著 | |
| 分册: | ||
| 出版信息: | 北京 北京大学出版社 2005 |
|
| 页数: | 200页 | |
| 开本: | 25cm | |
| 丛书名: | 中国教育史哲 | |
| 单 册: | ||
| 中图分类: | G529.2 | |
| 科图分类: | ||
| 主题词: | 教育史--研究--中国--古代 | |
| 电子资源: | ||
| ISBN: | 7-301-09458-2 | |
| 000 | 00914nam0 2200253 450 | |
| 001 | TS-208944 | |
| 005 | 20061207145329.34 | |
| 010 | @a7-301-09458-2@dCNY28.00 | |
| 100 | @a20060829d2005 em y0chiy0110 ea | |
| 101 | 0 | @achi |
| 102 | @aCN@b110000 | |
| 105 | @aa z 000yy | |
| 200 | 1 | @a中国教育周期论@Azhong guo jiao yu zhou qi lun@f姜国钧著@FJiang Guo Jun Zhu |
| 210 | @a北京@c北京大学出版社@d2005 | |
| 215 | @a200页@c图@d25cm | |
| 225 | 2 | @a中国教育史哲 |
| 308 | @a丛书第一辑 | |
| 330 | @a本书运用长时段落理论和计量史学的方法研究中国古代教育发展周期,提出了一种新的中国古代教育史分期法,分析了各周期教育结构重建和坍塌的过程和原因,并用比较的方法探讨了中西教育发展周期的异同。 | |
| 410 | 0 | @1001002992582@12001 @a中国教育史哲 |
| 606 | 0 | @a教育史@x研究@y中国@z古代 |
| 690 | @aG529.2@v4 | |
| 701 | 0 | @a姜国钧@Ajiang guo jun@c(教育)@4著 |
| 801 | 0 | @aCN@b中图数据@c20061207 |
| 905 | @a10447@dG529.2@e105 | |
| 中国教育周期论/姜国钧著.-北京:北京大学出版社,2005 |
| 200页:图;25cm.-(中国教育史哲) |
| ISBN 7-301-09458-2:CNY28.00 |
| 本书运用长时段落理论和计量史学的方法研究中国古代教育发展周期,提出了一种新的中国古代教育史分期法,分析了各周期教育结构重建和坍塌的过程和原因,并用比较的方法探讨了中西教育发展周期的异同。 |
| ● |
| 相关链接 |
|
|
|
|
正题名:中国教育周期论
索取号:G529.2/105
 
预约/预借
| 序号 | 登录号 | 条形码 | 馆藏地/架位号 | 状态 | 备注 |
| 1 | 0601759 | 206017594 | 第一样本阅览室/ [索取号:G529.2/105] | 在馆 | |
| 2 | 0601760 | 206017601 | 第四借阅区/ [索取号:G529.2/105] | 在馆 | |
| 3 | 0601761 | 206017610 | 第四借阅区/ [索取号:G529.2/105] | 在馆 | |
| 4 | 0601762 | 206017629 | 第四借阅区/ [索取号:G529.2/105] | 在馆 | |
| 5 | 0601763 | 206017638 | 第四借阅区/ [索取号:G529.2/105] | 在馆 |